Protectionism / (Record no. 14193)
[ view plain ]
| 000 -LEADER | |
|---|---|
| fixed length control field | 00457cam a2200181 a 4500 |
| 020 ## - INTERNATIONAL STANDARD BOOK NUMBER | |
| ISBN | 0262022826 : |
| 020 ## - INTERNATIONAL STANDARD BOOK NUMBER | |
| ISBN | 0262521504 (pbk) |
| 040 ## - CATALOGING SOURCE | |
| Transcribing agency | DLC |
| 082 0# - DEWEY DECIMAL CLASSIFICATION NUMBER | |
| Classification number | 382 MIT 1988 A066 Or. |
| 100 1# - MAIN ENTRY--AUTHOR NAME | |
| Personal name | Bhagwati, Jagdish N., |
| 245 10 - TITLE STATEMENT | |
| Title | Protectionism / |
| 260 0# - PUBLICATION, DISTRIBUTION, ETC. (IMPRINT) | |
| Place of publication | Cambridge, Mass. : |
| Name of publisher | MIT Press, |
| Year of publication | c1988. |
| 300 ## - PHYSICAL DESCRIPTION | |
| Number of Pages | xiii, 147 p. : |
| Other physical details | ill. ; |
| Dimensions | 21 cm. |
| 500 ## - GENERAL NOTE | |
| General note | Includes indexes. |
| 650 #0 - SUBJECT ADDED ENTRY--TOPICAL TERM | |
| Topical Term | Free trade |
| 650 #0 - SUBJECT ADDED ENTRY--TOPICAL TERM | |
| Topical Term | Protectionism |
| 942 ## - ADDED ENTRY ELEMENTS (KOHA) | |
| Koha item type | សៀវភៅភាសាអង់គ្លេស |
| 952 ## - LOCATION AND ITEM INFORMATION (KOHA) | |
| Withdrawn status [LOCAL, KOHA] | 0 |
| Permanent Location | Date acquired | Koha item type | Lost status | Shelving location | Barcode | Current Location | Full call number |
|---|---|---|---|---|---|---|---|
| Library Block A | 2017-10-09 | សៀវភៅភាសាអង់គ្លេស | A066 | A21243 | Library Block A | 382 MIT 1988 A066 Or. |